| 000 | 00984cam a2200265 i 4500 | ||
|---|---|---|---|
| 003 | SA-RiAUC | ||
| 005 | 20251005121445.0 | ||
| 008 | 251005s1996 su g 000rj ara c | ||
| 020 | _a9960279197 | ||
| 024 | 0 | _a16/0309 | |
| 040 |
_aKAPL _bara _cSA-RiAUC _erda |
||
| 072 | 7 | _a071 | |
| 082 | 0 | 4 | _a813.01 |
| 090 |
_a813.01 _bخ ض ر |
||
| 100 | 1 |
_aالخضري، خالد محمد عيسى، _d1387 هجري- _eمؤلف. |
|
| 245 | 1 | 0 |
_aكوابيس المدينة : _bقصص / _cخالد محمد الخضري. |
| 264 | 1 |
_aجدة، السعودية ؛ _aالطائف، السعودية : _bخالد محمد الخضري، _c1996 |
|
| 300 |
_a124 صفحة ؛ _c16 سم |
||
| 336 |
_aنص _btxt _2rdacontent _3كتاب |
||
| 337 |
_aبدون وسيط _bn _2rdamedia |
||
| 338 |
_aمجلد _bnc _2rdacarrier |
||
| 650 | 7 |
_aالقصص العربية القصيرة _zالسعودية _yقرن 14 هجري _2aucsh |
|
| 942 |
_2ddc _cBOOK _n0 |
||
| 949 |
_aSA-JeALM _d251005 _umohamedma123 _n1 |
||
| 999 |
_c12384 _d12384 |
||